[Event "Reykjavik Open 2016"]
[Site "Reykjavik ISL"]
[Date "2016.03.11"]
[Round "5.30"]
[White "Dougherty, Michael"]
[Black "Koop, Thorben"]
[Result "0-1"]
[WhiteTitle "FM"]
[BlackTitle "IM"]
[WhiteElo "2169"]
[BlackElo "2416"]
[WhiteFideId "2601559"]
[BlackFideId "24661619"]
[EventDate "2016.03.08"]

1. d4 Nf6 2. Nf3 g6 3. Bg5 Bg7 4. Nbd2 d6 5. c3 c5 6. dxc5 dxc5 7. Bxf6 Bxf6 8.
Ne4 Qb6 9. Nxf6+ exf6 10. Qc1 O-O 11. e3 Nc6 12. Be2 Bf5 13. Nh4 Be6 14. f4 Rfe8
15. e4 Bc4 16. Bxc4 Rxe4+ 17. Kf2 Rxc4 18. Re1 Ne5 19. fxe5 Rxh4 20. exf6 Qxf6+
21. Kg1 Qd6 22. g3 Rh5 23. Qe3 Rd5 24. Re2 Rd8 25. Rf1 Rd1 26. Qe7 Rxf1+ 27.
Kxf1 Qd5 28. Kg1 Rd6 29. b3 Kg7 30. c4 Qd4+ 31. Kg2 Rd7 32. Qe8 Qd6 33. Qe4 Qc7
34. Qe8 a6 35. Kf2 h5 36. h4 Qc6 37. Qe5+ Qf6+ 38. Ke1 Qxe5 39. Rxe5 b6 40. Re8
Kf6 41. Rb8 Rd6 42. Rb7 Ke6 43. Ke2 f6 44. Kf3 Kf5 45. Rb8 Rd3+ 46. Kf2 Rd6 47.
Kf3 a5 48. Rb7 a4 49. bxa4 Rd3+ 50. Ke2 Rxg3 51. Rxb6 Ra3 52. Rb5 Rxa2+ 53. Kf3
Ra3+ 54. Kg2 Rxa4 55. Rxc5+ Kg4 56. Rc6 Kxh4 57. Rxf6 g5 58. c5 Rc4 59. c6 g4 0-1

[Event "Reykjavik Open 2016"]
[Site "Reykjavik ISL"]
[Date "2016.03.11"]
[Round "5.31"]
[White "Holm, Kristian Stuvik"]
[Black "Barthel, Ansgar"]
[Result "1-0"]
[WhiteTitle "IM"]
[WhiteElo "2414"]
[BlackElo "2166"]
[WhiteFideId "1508083"]
[BlackFideId "4643461"]
[EventDate "2016.03.08"]

1. d4 d5 2. c4 e6 3. Nf3 c5 4. cxd5 exd5 5. Nc3 Nc6 6. g3 Nf6 7. Bg2 Be7 8. O-O
O-O 9. Bg5 cxd4 10. Nxd4 h6 11. Be3 Bg4 12. Rc1 Qd7 13. Nxc6 bxc6 14. Na4 Rfe8
15. Re1 Bb4 16. Bd2 Bf8 17. Bc3 Ne4 18. Bxe4 dxe4 19. Qxd7 Bxd7 20. Bd4 Bb4 21.
Red1 Bg4 22. Bc3 Bxe2 23. Bxb4 Bxd1 24. Rxd1 Rad8 25. Nc3 Rxd1+ 26. Nxd1 f5 27.
Ne3 g6 28. h4 Re5 29. Bc3 Rc5 30. Bd4 Rb5 31. Nc4 a6 32. Ne5 c5 33. Bc3 Rb6 34.
Kf1 g5 35. h5 f4 36. Ke2 Rd6 37. gxf4 gxf4 38. Ng6 f3+ 39. Ke3 Re6 40. Ne5 1-0

[Event "Reykjavik Open 2016"]
[Site "Reykjavik ISL"]
[Date "2016.03.11"]
[Round "5.32"]
[White "Korley, Kassa"]
[Black "Sigeman, Johan"]
[Result "1-0"]
[WhiteTitle "IM"]
[WhiteElo "2412"]
[BlackElo "2164"]
[WhiteFideId "2033801"]
[BlackFideId "1705601"]
[EventDate "2016.03.08"]

1. d4 Nf6 2. Nf3 e6 3. c4 b6 4. e3 Bb4+ 5. Nbd2 Bb7 6. a3 Be7 7. b4 Ne4 8. Nxe4
Bxe4 9. Bd3 Bxd3 10. Qxd3 d6 11. O-O Nd7 12. Bd2 O-O 13. a4 e5 14. Bc3 Bf6 15.
a5 Qe7 16. dxe5 Nxe5 17. Nxe5 Bxe5 18. g3 Bxc3 19. Qxc3 Qe5 20. Qd3 Rae8 21.
Rfd1 g6 22. a6 Re6 23. Rac1 h5 24. h4 Rb8 25. Qe2 Qe4 26. Qf1 Re7 27. Rd4 Qf3
28. Rf4 Qc6 29. b5 Qa8 30. Rd1 Rbe8 31. Rdd4 Re4 32. Qd3 Rxf4 33. Rxf4 Re5 34.
Rd4 Qe8 35. Qd1 Qa8 36. Rd5 Re4 37. Qd3 Qe8 38. Kf1 Re6 39. Ke2 Qe7 40. Rg5 Kg7
41. g4 hxg4 42. Rxg4 Re5 43. Qd4 Kh7 44. Rf4 Kg8 45. Rg4 Kh7 46. Kf3 Qe6 47. Rf4
Kg8 48. Kg3 Kh7 49. Rg4 Kg8 50. Rf4 Kh7 51. Qd1 d5 52. Qd4 f5 53. c5 Re4 54.
Rxe4 fxe4 55. cxb6 cxb6 56. Qc3 Qd6+ 57. Kg2 Qd7 58. Qe5 Qg4+ 59. Qg3 Qd7 60.
Qg5 Qxb5 61. Qe7+ Kh6 62. Qf8+ Kh7 63. Qe7+ Kh6 64. Qxa7 Qe2 65. Qb8 Qf3+ 66.
Kg1 Qd1+ 67. Kh2 Qa1 68. a7 1-0

[Event "Reykjavik Open 2016"]
[Site "Reykjavik ISL"]
[Date "2016.03.11"]
[Round "5.33"]
[White "Thorfinnsson, Bjorn"]
[Black "Thorgeirsson, Jon Kristinn"]
[Result "1-0"]
[WhiteTitle "IM"]
[WhiteElo "2410"]
[BlackElo "2157"]
[WhiteFideId "2300982"]
[BlackFideId "2307731"]
[EventDate "2016.03.08"]

1. c4 c6 2. g3 d5 3. Bg2 Nf6 4. Nf3 e6 5. O-O Bd6 6. d4 O-O 7. Nc3 Nbd7 8. b3
Qa5 9. Qc2 b5 10. c5 Bc7 11. a3 Qa6 12. b4 Qb7 13. Bb2 Nh5 14. e4 f5 15. exd5
exd5 16. Nh4 Nb8 17. Nxd5 Bd8 18. Qb3 Be6 19. Qf3 Qf7 20. Nc3 Bxh4 21. gxh4 Rd8
22. Rfe1 Rxd4 23. Rxe6 Qxe6 24. Qxh5 Nd7 25. Qe2 Qxe2 26. Nxe2 Rd2 27. Nd4 Nxc5
28. bxc5 Rxb2 29. Nxc6 Kf8 30. Nd4 Rc8 31. Bb7 1-0

[Event "Reykjavik Open 2016"]
[Site "Reykjavik ISL"]
[Date "2016.03.11"]
[Round "5.34"]
[White "Liang, Awonder"]
[Black "Christensen, Janus"]
[Result "1-0"]
[WhiteTitle "IM"]
[WhiteElo "2405"]
[BlackElo "2136"]
[WhiteFideId "2056437"]
[BlackFideId "1408402"]
[EventDate "2016.03.08"]

1. c4 f5 2. g3 e5 3. Nc3 Nc6 4. Bg2 Nf6 5. d3 Bc5 6. e3 a5 7. Nge2 d6 8. O-O O-O
9. d4 Ba7 10. Nb5 Bb8 11. b3 Qe8 12. Bb2 Qh5 13. Nec3 Qh6 14. Nd5 Rf7 15. dxe5
Nxe5 16. Nxf6+ Qxf6 17. Bd5 c6 18. Bxf7+ Kxf7 19. f4 Nf3+ 20. Qxf3 Qxb2 21. Qh5+
Kf6 22. Nd4 Ba7 23. Rad1 h6 24. Qe8 Bc5 25. g4 fxg4 26. f5 Kg5 27. Qg6+ Kh4 28.
Rf4 h5 29. Nf3+ Kh3 30. Qxh5# 1-0

[Event "Reykjavik Open 2016"]
[Site "Reykjavik ISL"]
[Date "2016.03.11"]
[Round "5.35"]
[White "Riccardi, Thomas"]
[Black "Houska, Jovanka"]
[Result "1/2-1/2"]
[BlackTitle "IM"]
[WhiteElo "2135"]
[BlackElo "2387"]
[WhiteFideId "2025973"]
[BlackFideId "405094"]
[EventDate "2016.03.08"]

1. e4 c6 2. Nc3 d5 3. Nf3 Bg4 4. h3 Bxf3 5. Qxf3 Nf6 6. d3 e6 7. Bd2 Bb4 8. a3
Ba5 9. e5 Ng8 10. Qg4 g6 11. d4 Nd7 12. Bd3 Ne7 13. b4 Bb6 14. Ne2 Nf5 15. c3
O-O 16. Ng3 Nxg3 17. Qxg3 f5 18. h4 Kf7 19. Bg5 Qe8 20. h5 Rh8 21. Qh4 Qg8 22.
Bf6 Nxf6 23. Qxf6+ Ke8 24. h6 Bd8 25. Qg7 Be7 26. b5 Qxg7 27. hxg7 Rg8 28. Rxh7
c5 29. c4 Kf7 30. g4 fxg4 31. dxc5 Bxc5 32. Be2 Rxg7 33. Rxg7+ Kxg7 34. cxd5
exd5 35. Bxg4 Rh8 36. Rd1 d4 37. Ke2 Re8 38. e6 Rh8 39. Rd3 Rh4 40. Kf3 g5 41.
Kg3 Bd6+ 42. Kf3 Bc5 43. Kg3 Bd6+ 44. Kf3 Bc5 1/2-1/2

[Event "Reykjavik Open 2016"]
[Site "Reykjavik ISL"]
[Date "2016.03.11"]
[Round "5.36"]
[White "Mihajlov, Sebastian"]
[Black "Lindsoe, Fredrik Aunan"]
[Result "1/2-1/2"]
[WhiteTitle "FM"]
[WhiteElo "2387"]
[BlackElo "2112"]
[WhiteFideId "1512110"]
[BlackFideId "1506560"]
[EventDate "2016.03.08"]

1. d4 Nf6 2. c4 g6 3. Nc3 Bg7 4. e4 d6 5. f4 O-O 6. Nf3 c5 7. d5 e6 8. dxe6 fxe6
9. Bd3 Nc6 10. O-O Nd4 11. Nxd4 cxd4 12. Nb5 e5 13. fxe5 dxe5 14. c5 Be6 15. Bg5
b6 16. b4 bxc5 17. bxc5 h6 18. Bd2 a6 19. Nd6 Qc7 20. Qc2 Kh7 21. Rab1 Nd7 22.
Rfc1 Rab8 23. Bb4 a5 24. Ba3 Rxb1 25. Rxb1 Rb8 26. Rc1 Qc6 27. Qd2 Qa4 28. c6
Qxa3 29. c7 Qxd6 30. cxb8=Q Qxb8 31. Qxa5 Qb2 32. Rc6 Qxa2 33. Qd8 Qb3 34. h3
Qxd3 35. Rxe6 Qe3+ 36. Kh1 Qc1+ 37. Kh2 Qf4+ 38. Kg1 Nc5 39. Re7 Nxe4 40. Qc7
Qf2+ 41. Kh2 Qf6 42. Rf7 Qxf7 43. Qxf7 Nc3 44. h4 h5 45. Kh3 Ne4 46. Qd5 Nf2+
47. Kg3 Ng4 48. Kf3 Ne3 49. Qe6 Ng4 50. Ke4 Ne3 51. g3 Ng4 52. Qa6 Ne3 53. Qd3
Ng4 54. Qb5 Ne3 55. Qa6 Nf5 56. Qa3 Ne3 57. Qb3 Ng4 58. Kd5 Ne3+ 59. Ke6 Ng4 60.
Qd3 Nh6 61. Qf3 1/2-1/2

[Event "Reykjavik Open 2016"]
[Site "Reykjavik ISL"]
[Date "2016.03.11"]
[Round "5.37"]
[White "Lobersli, Henrik Oie"]
[Black "Braun, Christian2"]
[Result "1/2-1/2"]
[BlackTitle "IM"]
[WhiteElo "2134"]
[BlackElo "2386"]
[WhiteFideId "1511947"]
[BlackFideId "4692098"]
[EventDate "2016.03.08"]

1. e4 e6 2. d4 d5 3. Nc3 Nf6 4. e5 Nfd7 5. f4 c5 6. Nf3 Nc6 7. Be3 a6 8. Qd2 b5
9. a3 g5 10. f5 g4 11. fxe6 gxf3 12. exd7+ Qxd7 13. gxf3 cxd4 14. Bxd4 Nxd4 15.
Qxd4 Bb7 16. O-O-O O-O-O 17. Kb1 Qc6 18. Bh3+ Kb8 19. Rhe1 Bc5 20. Qd3 Qh6 21.
Bf5 Qxh2 22. Qd2 Qxd2 23. Rxd2 h5 24. Red1 Be3 25. Rd3 Bf4 26. e6 fxe6 27. Bxe6
Be5 28. Nxd5 Rd6 29. Bh3 Rhd8 30. f4 Bxb2 31. Kxb2 Rxd5 32. Rxd5 Rxd5 33. Rxd5
Bxd5 34. Kc3 Kc7 35. Kd4 Kd6 36. f5 h4 37. Bf1 Bh1 38. Bh3 Bf3 39. c3 Bd1 40.
Ke4 Kc5 41. Bf1 Bg4 42. Kf4 Bxf5 43. Kxf5 h3 44. Bxh3 Kc4 45. Ke5 Kxc3 46. Kd5
Kb3 47. Kc5 Kxa3 48. Kb6 b4 49. Kxa6 b3 50. Be6 b2 51. Bf5 Ka2 1/2-1/2

[Event "Reykjavik Open 2016"]
[Site "Reykjavik ISL"]
[Date "2016.03.11"]
[Round "5.38"]
[White "Vojinovic, Jovana"]
[Black "Amos, Frank"]
[Result "1-0"]
[WhiteTitle "WGM"]
[WhiteElo "2366"]
[BlackElo "2101"]
[WhiteFideId "937266"]
[BlackFideId "4635442"]
[EventDate "2016.03.08"]

1. c4 e5 2. e3 Nf6 3. Nc3 d5 4. cxd5 Nxd5 5. Qh5 Be6 6. Qxe5 Nd7 7. Qe4 Nc5 8.
Qb1 Qd7 9. f3 O-O-O 10. d4 Bf5 11. e4 Nxe4 12. Nxe4 Bb4+ 13. Kf2 Nf6 14. Ne2
Rhe8 15. Bf4 Bxe4 16. fxe4 Rxe4 17. Qc1 h6 18. h3 Rde8 19. Qc4 Nd5 20. Bxc7 b5
21. Qb3 Re3 22. Qc2 Nxc7 23. Rc1 Ba5 24. g4 Rxe2+ 25. Bxe2 Qxd4+ 26. Kg2 Bd2 1-0

[Event "Reykjavik Open 2016"]
[Site "Reykjavik ISL"]
[Date "2016.03.11"]
[Round "5.39"]
[White "Brunello, Marina"]
[Black "Hoogland, Mike"]
[Result "1/2-1/2"]
[WhiteTitle "FM"]
[WhiteElo "2363"]
[BlackElo "2087"]
[WhiteFideId "822590"]
[BlackFideId "1025350"]
[EventDate "2016.03.08"]

1. e4 c5 2. c3 Nf6 3. e5 Nd5 4. d4 cxd4 5. Nf3 e6 6. cxd4 d6 7. Bc4 Nc6 8. O-O
dxe5 9. dxe5 Be7 10. Qe2 Qc7 11. a3 O-O 12. Qe4 Rd8 13. Ng5 Bxg5 14. Bxg5 Qxe5
15. Qxe5 Nxe5 16. Bxd8 Nxc4 17. b3 Nd6 18. Nd2 Bd7 19. Bh4 Nf5 20. Bg3 h5 21.
Nf3 f6 22. Rfd1 Bc6 23. Nd4 Nxd4 24. Rxd4 e5 25. Rd2 g5 26. f3 h4 27. Bf2 h3 28.
Rad1 Nf4 29. Rd8+ Rxd8 30. Rxd8+ Kf7 31. g3 Ne2+ 32. Kf1 Bxf3 33. Bxa7 g4 34.
Kf2 Nc3 35. a4 Ne4+ 36. Kg1 Ng5 37. Be3 Ke7 38. Rb8 Ne6 39. b4 f5 40. b5 f4 41.
gxf4 exf4 42. Bf2 Kd7 43. Rg8 Bd1 44. a5 Be2 45. Bb6 Bxb5 46. Rxg4 Bc6 47. Kf2
Kd6 48. Rh4 Bg2 49. Rh5 Ke7 50. Rf5 Be4 51. Rh5 Bg2 52. Ba7 Kf6 53. Bb8 Kg6 54.
Rb5 Kf6 55. Bd6 Kg6 56. Be7 Kf7 57. Ba3 Kg6 58. Ke1 Kf6 59. Bb2+ Kg6 60. Be5 Bf3
61. Bd6 Kg7 62. Be7 Kf7 63. Bg5 Kg6 64. Bh4 Bh1 65. Re5 Nd4 66. Rg5+ Kf7 67. Rg4
Ne6 68. Ke2 Bg2 69. Kd3 Bf3 70. Rg1 Bg2 71. Kc4 Kg6 72. Kd3 Kf5 73. Be7 Kg4 74.
Ke2 Nd4+ 75. Kf2 Nf3 76. Rb1 Nd2 77. Rb4 Ne4+ 78. Kg1 Nd2 79. Bd6 Be4 80. Kf2
Kf5 81. Rb5+ Kg4 82. Re5 Bc6 83. Re7 Ne4+ 84. Rxe4 1/2-1/2

[Event "Reykjavik Open 2016"]
[Site "Reykjavik ISL"]
[Date "2016.03.11"]
[Round "5.40"]
[White "Jackson, James P"]
[Black "Lien, Kjell Hakon"]
[Result "1/2-1/2"]
[WhiteTitle "FM"]
[WhiteElo "2347"]
[BlackElo "2083"]
[WhiteFideId "416860"]
[BlackFideId "1510444"]
[EventDate "2016.03.08"]

1. e4 c5 2. d4 cxd4 3. c3 Nf6 4. e5 Nd5 5. Nf3 d6 6. exd6 e6 7. Nxd4 Bxd6 8. g3
O-O 9. Bg2 Ne7 10. O-O Nbc6 11. Nxc6 Nxc6 12. Be3 Qc7 13. Nd2 b6 14. Ne4 Be7 15.
Qh5 Bb7 16. Rfd1 Rad8 17. Rxd8 Rxd8 18. Ng5 Bxg5 19. Bxg5 f6 20. Bf4 e5 21. Be3
Ne7 22. Rd1 Bxg2 23. Kxg2 Qc6+ 24. Kg1 Rxd1+ 25. Qxd1 Nd5 26. Bc1 h6 27. Qd3 b5
28. h4 a6 29. Bd2 Nb6 30. b3 Nd7 31. Qg6 Kf8 32. h5 Qd5 33. Be3 e4 34. Kg2 Qe5
35. Bf4 Qd5 36. c4 bxc4 37. bxc4 Qc6 38. Kh2 Qe6 39. Kg2 Qc6 40. Kh2 Qe6 41. Kg2
Qc6 42. Kh2 1/2-1/2

[Event "Reykjavik Open 2016"]
[Site "Reykjavik ISL"]
[Date "2016.03.11"]
[Round "5.41"]
[White "Finsterwalder, Sebastian"]
[Black "Papp, Petra"]
[Result "1-0"]
[BlackTitle "WGM"]
[WhiteElo "2095"]
[BlackElo "2325"]
[WhiteFideId "24632090"]
[BlackFideId "739049"]
[EventDate "2016.03.08"]

1. Nf3 Nf6 2. c4 g6 3. Nc3 d5 4. cxd5 Nxd5 5. e4 Nxc3 6. dxc3 Qxd1+ 7. Kxd1 f6
8. Bc4 e5 9. Be3 Nd7 10. Kc2 Bc5 11. Rhe1 Ke7 12. Nd2 Bxe3 13. Rxe3 Nc5 14. b4
Ne6 15. Nb3 Bd7 16. a4 Rad8 17. a5 Bc8 18. Ree1 h5 19. Nd2 h4 20. Nf1 h3 21. g3
c6 22. b5 Ng5 23. a6 cxb5 24. Bxb5 b6 25. f4 Nf7 26. Ne3 Be6 27. Bc6 Nd6 28.
Rad1 Nc4 29. Nd5+ Bxd5 30. Bxd5 Nd6 31. c4 Rc8 32. Kd3 Rc5 33. g4 g5 34. fxe5
fxe5 35. Ra1 Rh4 36. Re3 Rh8 37. Rf3 Rh4 38. Ra2 Rh7 39. Ra3 Rc8 40. Ke2 Rch8
41. Rac3 Rh6 42. c5 Nb5 43. Rf7+ Ke8 44. Rc4 Rf8 45. Rb7 Rff6 46. cxb6 Nd4+ 47.
Rxd4 exd4 48. bxa7 Rxa6 49. Rb8+ Ke7 50. a8=Q Rxa8 51. Rxa8 Rf6 52. Ra7+ Ke8 53.
Rh7 Rf4 54. Rxh3 Rxg4 55. Kd3 Rf4 56. Kxd4 g4 57. Rh7 Rf2 58. Ke5 Rg2 59. Kd6
Kf8 60. e5 Rb2 61. e6 Rb6+ 62. Kc5 Rb8 63. Rh8+ 1-0

[Event "Reykjavik Open 2016"]
[Site "Reykjavik ISL"]
[Date "2016.03.11"]
[Round "5.42"]
[White "Arnarsson, Hrannar"]
[Black "Sigfusson, Sigurdur"]
[Result "0-1"]
[BlackTitle "FM"]
[WhiteElo "2089"]
[BlackElo "2299"]
[WhiteFideId "2301121"]
[BlackFideId "2300168"]
[EventDate "2016.03.08"]

1. e4 e5 2. f4 d5 3. exd5 exf4 4. Nf3 Nf6 5. Nc3 Nxd5 6. d4 Bb4 7. Bd2 Ne3 8.
Bxe3 fxe3 9. Bc4 O-O 10. O-O Bg4 11. Nd5 Bd2 12. h3 Be6 13. Nxd2 exd2 14. Qh5 f5
15. Nxc7 Bxc4 16. Nxa8 Bxf1 17. Kxf1 Qxd4 18. Qe2 Nc6 19. c3 Qf4+ 20. Kg1 Rxa8 0-1

[Event "Reykjavik Open 2016"]
[Site "Reykjavik ISL"]
[Date "2016.03.11"]
[Round "5.43"]
[White "Segerberg, Tomas"]
[Black "Kazarian, Anna-Maja"]
[Result "0-1"]
[BlackTitle "FM"]
[WhiteElo "2070"]
[BlackElo "2248"]
[WhiteFideId "1712969"]
[BlackFideId "1033689"]
[EventDate "2016.03.08"]

1. c4 e5 2. Nc3 Nf6 3. Nf3 Nc6 4. a3 d5 5. cxd5 Nxd5 6. Qc2 Be7 7. e3 O-O 8. Bd3
g6 9. Nxd5 Qxd5 10. Be4 Qd6 11. Qc3 Bd7 12. O-O Rfe8 13. b4 f5 14. Bxc6 Bxc6 15.
Qxe5 Qxe5 16. Nxe5 Bf6 17. d4 Bxe5 18. dxe5 Rxe5 19. Bb2 Rd5 20. Rfd1 Kf7 21.
Rxd5 Bxd5 22. Rc1 c6 23. Kf1 a5 24. g3 axb4 25. axb4 Bf3 26. Ra1 Rd8 27. Bd4 Ke6
28. Ra5 b5 29. Ra2 Kd5 30. Ke1 Kc4 31. Rb2 Ra8 32. Kd2 g5 33. Bc5 Be4 34. Ke2 g4
35. Bd4 Ra4 36. Bc5 Ra1 37. Be7 Bf3+ 38. Kd2 Rf1 0-1

[Event "Reykjavik Open 2016"]
[Site "Reykjavik ISL"]
[Date "2016.03.11"]
[Round "5.44"]
[White "Einarsson, Halldor Gretar"]
[Black "O'Gorman, Tom"]
[Result "1/2-1/2"]
[WhiteTitle "FM"]
[WhiteElo "2245"]
[BlackElo "2067"]
[WhiteFideId "2300150"]
[BlackFideId "2508249"]
[EventDate "2016.03.08"]

1. d4 Nf6 2. c4 g6 3. f3 Bg7 4. e4 d6 5. Nc3 O-O 6. Be3 Nc6 7. Qd2 a6 8. Nge2
Na5 9. Nc1 Nd7 10. Nb3 Nxb3 11. axb3 c5 12. d5 Ne5 13. h3 e6 14. f4 exd5 15.
Nxd5 Nc6 16. Bd3 Nd4 17. Ra3 f5 18. O-O fxe4 19. Bxe4 Re8 20. Bf3 Bf5 21. Bxd4
Bxd4+ 22. Kh2 Rb8 23. Raa1 b5 24. Rfe1 bxc4 25. Rxe8+ Qxe8 26. Re1 Qf8 27. Ne7+
Kh8 28. Bc6 cxb3 29. g4 Bc2 30. f5 Bf6 31. Qxd6 Rd8 32. Qxc5 gxf5 33. gxf5 Qg7
34. Bf3 Bxe7 35. Rxe7 Qxb2 36. Re2 Qf6 37. Re6 Qxf5 38. Qc3+ Kg8 39. Qc4 Qf7 40.
Re8+ Rxe8 41. Bd5 Re2+ 42. Kg3 Re3+ 43. Kh2 Re7 44. Bxf7+ Rxf7 45. Qxa6 Rf5 46.
Qb7 Rf7 47. Qc8+ Kg7 48. Qe6 Rf6 49. Qe5 Kf7 50. h4 Rf5 51. Qd6 Rf6 52. Qd7+ Kg8
53. h5 h6 54. Qe7 Rf7 55. Qe6 Kg7 56. Kg3 Rb7 57. Qc6 Re7 58. Kf4 Kh7 59. Qc3
Rf7+ 60. Ke3 Rd7 61. Kf4 Rf7+ 62. Ke3 Rg7 63. Kf4 Rb7 64. Qc6 Re7 65. Qc3 Rd7
66. Qe5 Rb7 67. Qc3 Rg7 68. Qc4 Rd7 69. Qc6 Rf7+ 70. Ke3 Rg7 1/2-1/2

[Event "Reykjavik Open 2016"]
[Site "Reykjavik ISL"]
[Date "2016.03.11"]
[Round "5.45"]
[White "Wahlbom, Magnus"]
[Black "Valdimarsson, Einar"]
[Result "0-1"]
[WhiteElo "2229"]
[BlackElo "2029"]
[WhiteFideId "1700685"]
[BlackFideId "2304813"]
[EventDate "2016.03.08"]

1. e4 e5 2. Nf3 Nc6 3. Bb5 f5 4. Nc3 fxe4 5. Nxe4 Nf6 6. Nxf6+ gxf6 7. d4 Bg7 8.
dxe5 O-O 9. exf6 Qxf6 10. c3 Ne5 11. Be2 c6 12. Be3 Qg6 13. Nxe5 Bxe5 14. Bf3 d5
15. O-O Rxf3 0-1

[Event "Reykjavik Open 2016"]
[Site "Reykjavik ISL"]
[Date "2016.03.11"]
[Round "5.46"]
[White "Haessel, Dale R."]
[Black "Kleinert, Juergen"]
[Result "1-0"]
[WhiteTitle "FM"]
[WhiteElo "2212"]
[BlackElo "1906"]
[WhiteFideId "2012618"]
[BlackFideId "4659180"]
[EventDate "2016.03.08"]

1. d4 d5 2. c4 dxc4 3. e4 b5 4. a4 Bb7 5. axb5 Bxe4 6. Nc3 Bb7 7. Nf3 Nf6 8.
Bxc4 e6 9. O-O Be7 10. Ne5 O-O 11. Be3 a6 12. Qb3 axb5 13. Nxb5 Nd5 14. Rxa8
Bxa8 15. Ra1 Nc6 16. Bxd5 exd5 17. Bf4 Nxe5 18. Bxe5 Bc6 19. Nxc7 Bd6 20. Qb6
Qxc7 21. Qxc7 Bxc7 22. Bxc7 Ra8 23. Rc1 Bb5 24. f3 Bc4 25. Kf2 Ra2 26. Rc2 Bb3
27. Re2 f6 28. Bd6 Bc4 29. Re8+ Kf7 30. Re7+ Kg6 31. Ba3 Ra1 32. Rb7 Rd1 33. Bf8
Rd2+ 34. Kg3 Bf1 35. Kf4 Rxd4+ 36. Ke3 Rd3+ 37. Kf2 Rd1 38. Rxg7+ Kf5 39. Rxh7
Bb5 40. g4+ Ke6 1-0

[Event "Reykjavik Open 2016"]
[Site "Reykjavik ISL"]
[Date "2016.03.11"]
[Round "5.47"]
[White "Midoux, Sebastien"]
[Black "Baumgartner, Christopher"]
[Result "1-0"]
[WhiteElo "2342"]
[BlackElo "1821"]
[WhiteFideId "611140"]
[BlackFideId "2022087"]
[EventDate "2016.03.08"]

1. e4 e5 2. d4 Nf6 3. dxe5 Nxe4 4. Bc4 Qh4 5. Qf3 d5 6. Bxd5 f5 7. exf6 Nxf6 8.
Qe2+ Be7 9. Nf3 Qb4+ 10. c3 Qb6 11. Bb3 Nc6 12. Na3 Bg4 13. Be3 Qa5 14. O-O-O
Bxa3 15. Bc5+ Ne7 16. Qxe7# 1-0

[Event "Reykjavik Open 2016"]
[Site "Reykjavik ISL"]
[Date "2016.03.11"]
[Round "5.48"]
[White "Skousen, Nikolai"]
[Black "Carlsen, Henrik"]
[Result "1-0"]
[WhiteTitle "FM"]
[WhiteElo "2294"]
[BlackElo "2011"]
[WhiteFideId "1401432"]
[BlackFideId "1502832"]
[EventDate "2016.03.08"]

1. Nf3 d5 2. b3 c5 3. Bb2 Nc6 4. e3 Nf6 5. Bb5 Qb6 6. Bxc6+ Qxc6 7. Ne5 Qc7 8.
f4 h5 9. c4 dxc4 10. bxc4 a6 11. Nc3 e6 12. O-O Bd6 13. d4 Rb8 14. Qe2 Kf8 15.
a4 Ng4 16. h3 Nxe3 17. Qxe3 cxd4 18. Qxd4 Bc5 19. Ba3 1-0

[Event "Reykjavik Open 2016"]
[Site "Reykjavik ISL"]
[Date "2016.03.11"]
[Round "5.49"]
[White "Viana, Dirceu"]
[Black "Mehringer, Joerg"]
[Result "1-0"]
[WhiteTitle "FM"]
[BlackTitle "AIM"]
[WhiteElo "2261"]
[BlackElo "2000"]
[WhiteFideId "2101360"]
[BlackFideId "12915351"]
[EventDate "2016.03.08"]

1. Nf3 Nf6 2. b3 g6 3. Bb2 Bg7 4. g3 b6 5. Bg2 Bb7 6. O-O O-O 7. c4 d6 8. d4
Nbd7 9. Qc2 Re8 10. Nbd2 e5 11. e3 exd4 12. exd4 Ne4 13. Rfe1 Ndf6 14. Ng5 Nxg5
15. Bxb7 Rb8 16. Bc6 Nd7 17. Rxe8+ Qxe8 18. h4 Ne6 19. Re1 Qd8 20. Nf3 Nef8 21.
Kg2 h6 22. h5 g5 23. Qf5 Nf6 24. d5 N8h7 25. Nd4 Qc8 26. Qxc8+ Rxc8 27. Nf5 Bf8
28. Re7 Nxh5 29. Bb7 Rb8 30. Rxc7 Re8 31. Ne3 Re7 32. Rxe7 Bxe7 33. Nf5 Bf8 34.
Ba3 N7f6 35. Bxd6 Bxd6 36. Nxd6 Nd7 37. Nc8 a5 38. Bc6 Nhf6 39. g4 Kf8 40. Kf3
Ne5+ 41. Kg3 Nfd7 42. Nd6 Kg7 43. f4 gxf4+ 44. Kxf4 Kf6 45. Nf5 Kg6 46. Ne7+ Kf6
47. Nc8 Nd3+ 48. Ke3 N3e5 49. Kf4 Nd3+ 50. Ke4 N3e5 51. Bxd7 Nxd7 52. Kf4 Kg6
53. a3 Kf6 54. b4 axb4 55. axb4 Kg6 56. Nd6 f6 57. Nc8 Kf7 58. Kf5 Ke8 59. Ke6
Kd8 60. Nd6 Ne5 61. Nf7+ 1-0

[Event "Reykjavik Open 2016"]
[Site "Reykjavik ISL"]
[Date "2016.03.11"]
[Round "5.50"]
[White "Arnalds, Stefan"]
[Black "Lind, Jan-Olov"]
[Result "0-1"]
[WhiteElo "2007"]
[BlackElo "2234"]
[WhiteFideId "2304821"]
[BlackFideId "1701193"]
[EventDate "2016.03.08"]

1. d4 d6 2. c4 Nf6 3. Nc3 Nbd7 4. e4 e5 5. d5 Be7 6. f3 O-O 7. Be3 Ne8 8. Bd3
Bh4+ 9. g3 Bg5 10. Bxg5 Qxg5 11. Nge2 Nc5 12. Qd2 Qh5 13. g4 Qh4+ 14. Ng3 a5 15.
Bc2 h6 16. O-O-O Bd7 17. Kb1 Nf6 18. Nf5 Bxf5 19. gxf5 Nh5 20. Rdg1 Kh8 21. Rg4
Qf6 22. Rhg1 Rg8 23. Ne2 a4 24. Ng3 Nf4 25. Ne2 Nxe2 26. Qxe2 a3 27. b3 Nd7 28.
Qg2 c6 29. dxc6 bxc6 30. Qh3 d5 31. Rh4 dxc4 32. Rg6 Qxh4 33. Qxh4 fxg6 34. Qe7
Nf6 35. Qxe5 Rgf8 36. Qg3 gxf5 37. e5 Nd5 38. bxc4 Nc3+ 39. Ka1 Rfd8 40. Bb3
Rab8 0-1

[Event "Reykjavik Open 2016"]
[Site "Reykjavik ISL"]
[Date "2016.03.11"]
[Round "5.51"]
[White "Schou-Moldt, Thomas"]
[Black "Haraldsson, Haraldur"]
[Result "1/2-1/2"]
[WhiteElo "2186"]
[BlackElo "1988"]
[WhiteFideId "1401297"]
[BlackFideId "2311100"]
[EventDate "2016.03.08"]

1. d4 Nf6 2. c4 e6 3. Nf3 b6 4. g3 Ba6 5. Nbd2 c5 6. Bg2 Bb7 7. O-O cxd4 8. Nb3
d6 9. Nbxd4 Be7 10. Qa4+ Qd7 11. Qxd7+ Nbxd7 12. Bh3 Rc8 13. Be3 O-O 14. Rfd1 d5
15. cxd5 Bxd5 16. Nb5 a6 17. Nc3 Bb7 18. Bg2 Rfd8 19. Rac1 b5 20. Ba7 Kf8 21.
Bd4 Ke8 22. e4 b4 23. e5 bxc3 24. exf6 Bxf6 25. bxc3 Bxd4 26. Rxd4 Nc5 27. Ne5
Bxg2 28. Kxg2 f6 29. Nf3 e5 30. Rxd8+ Rxd8 31. Kf1 Rb8 32. Rc2 g5 33. Re2 Rb1+
34. Re1 Rb6 35. Nd2 Kd7 36. Nc4 Rc6 37. Rb1 Na4 38. Ne3 Nxc3 39. Rb7+ Ke6 40.
Rxh7 Nxa2 41. h4 gxh4 42. gxh4 Nc3 43. h5 a5 44. Ra7 a4 45. h6 Rc8 46. Ra6+ Kf7
47. h7 Kg7 48. Ra7+ Kg6 49. Rc7 Ra8 50. Rxc3 Kxh7 51. Ra3 Kg6 52. Nc4 Kf5 53.
Nb2 Rb8 54. Nxa4 Kf4 55. Nc5 e4 56. Ra4 f5 57. Nd3+ Kg5 58. Ne1 Rb1 59. Rc4 Rb2
60. Rc5 Kg4 61. Rc2 Rb4 62. Rc8 Rb1 63. Rc4 Ra1 64. Rb4 Kg5 65. Rb5 Kg4 66. Rc5
Rb1 67. Ke2 f4 68. Rc8 f3+ 69. Kf1 Ra1 70. Rc3 Kf4 71. Re3 Rc1 72. Kg1 Ra1 73.
Kh2 Ra2 74. Kg1 Ra1 75. Kf1 Rb1 76. Ra3 Rc1 1/2-1/2